How Did They Die? Click Quiz #2 - Statistics

General Stats
  • This quiz has been taken 76 times
  • The average score is 14 of 30
Answer Stats
Hint Answer % Correct
Princess Diana vehicle crash
86%
Indira Gandhi assassinated
79%
Jimi Hendrix drugs
79%
Robin Williams suicide
78%
Amy Winehouse drugs
74%
Marie Antoinette executed
72%
Saddam Hussein executed
72%
William McKinley assassinated
67%
Judy Garland drugs
67%
Jim Morrison drugs
64%
Saint Paul executed
55%
Andrew Garfield assassinated
52%
Benazir Bhutto assassinated
52%
Virginia Woolf suicide
52%
Shinzo Abe assassinated
48%
Cyrus the Great battle
47%
Caligula assassinated
43%
Nicholas II executed
36%
Rosa Luxemburg executed
36%
Antoni Gaudí vehicle crash
34%
Whitney Houston drowned
33%
Ali assassinated
24%
Giordano Bruno executed
19%
Pierre Curie vehicle crash
19%
Umar assassinated
17%
Paul Gauguin drugs
14%
Albert Camus vehicle crash
12%
Antoine de Saint-Exupéry vehicle crash
12%
Muammar Gaddafi battle
3%
Hannibal suicide
3%
No matching quizzes found
Score Distribution
Percent of People with Each Score
Percentile by Number Answered
Your Score History
You have not taken this quiz